000
00230nam a22000857a 4500
008
160820b xxu||||| |||| 00| 0 eng d
100
_9
198
_a
Kumar K.A
245
_a
Inquisitive Science-VII
260
_a
New Delhi
_b
S.Chand publication
_c
2011
999
_c
2855
_d
2855